Annales Universitatis Saraviensis medicinae. (Record no. 1458)

MARC details
000 -LEADER
fixed length control field 01853cas a2200517 a 4500
001 - CONTROL NUMBER
control field data
005 - DATE AND TIME OF LATEST TRANSACTION
control field 20260322212101.0
008 - FIXED-LENGTH DATA ELEMENTS--GENERAL INFORMATION
fixed length control field data
010 ## - LIBRARY OF CONGRESS CONTROL NUMBER
LC control number sf 97020501
Canceled/invalid LC control number sc 82003350
016 7# - NATIONAL BIBLIOGRAPHIC AGENCY CONTROL NUMBER
Record control number 8205577
Source DNLM
016 7# - NATIONAL BIBLIOGRAPHIC AGENCY CONTROL NUMBER
Record control number A33820000
Source DNLM
016 7# - NATIONAL BIBLIOGRAPHIC AGENCY CONTROL NUMBER
Record control number 009832885
Source Uk
022 ## - INTERNATIONAL STANDARD SERIAL NUMBER
International Standard Serial Number 0931-9913
Incorrect ISSN 0173-6973
Source z
023 0# - CLUSTER ISSN
Cluster ISSN 0931-9913
Source z
029 0# - OTHER SYSTEM CONTROL NUMBER (OCLC)
OCLC library identifier NLM
System control number 8205577
029 1# - OTHER SYSTEM CONTROL NUMBER (OCLC)
OCLC library identifier AU@
System control number 000002380468
030 ## - CODEN DESIGNATION
CODEN AUSSEI
035 ## - SYSTEM CONTROL NUMBER
System control number (OCoLC)8447082
040 ## - CATALOGING SOURCE
Original cataloging agency NLM
Language of cataloging eng
Transcribing agency NLM
Modifying agency OCLCQ
-- NST
-- SER
-- NSD
-- NLM
-- CAS
-- HUL
-- NLM
-- DLC
-- OCLCQ
-- UKMGB
-- OCLCQ
-- OCLCO
-- OCLCA
-- EYM
-- OCLCO
-- OCLCF
-- HUL
-- OCLCQ
041 0# - LANGUAGE CODE
Language code of text/sound track or separate title eng
-- eng
042 ## - AUTHENTICATION CODE
Authentication code nsdp
-- nsdp
050 00 - LIBRARY OF CONGRESS CALL NUMBER
Classification number CLASSED SEPARATELY
060 00 - NATIONAL LIBRARY OF MEDICINE CALL NUMBER
Classification number W1
Item number AN47R
210 0# - ABBREVIATED TITLE
Abbreviated title Ann. Univ. Sarav. med., Suppl.
222 #0 - KEY TITLE
Key title Annales Universitatis Saraviensis medicinae. Supplement
245 00 - TITLE STATEMENT
Title Annales Universitatis Saraviensis medicinae.
Name of part/section of a work Supplement.
260 ## - PUBLICATION, DISTRIBUTION, ETC.
Place of publication, distribution, etc. Saarbrücken/Homburg :
Name of publisher, distributor, etc. Universität des Saarlandes, Medizinische Fakultät,
Date of publication, distribution, etc. 1980-
300 ## - PHYSICAL DESCRIPTION
Extent volumes :
Other physical details illustrations (some color) ;
Dimensions 30 cm
310 ## - CURRENT PUBLICATION FREQUENCY
Current publication frequency Irregular
336 ## - CONTENT TYPE
Content type term text
Content type code txt
Source rdacontent
337 ## - MEDIA TYPE
Media type term unmediated
Media type code n
Source rdamedia
338 ## - CARRIER TYPE
Carrier type term volume
Carrier type code nc
Source rdacarrier
362 0# - DATES OF PUBLICATION AND/OR SEQUENTIAL DESIGNATION
Dates of publication and/or sequential designation 1-
500 ## - GENERAL NOTE
General note Title from cover.
510 2# - CITATION/REFERENCES NOTE
Name of source Chemical abstracts
International Standard Serial Number 0009-2258
Coverage of source -1987
546 ## - LANGUAGE NOTE
Language note Chiefly German, some English; summaries in English and German.
588 ## - SOURCE OF DESCRIPTION NOTE
Source of description note Latest issue consulted: 8, published in 1992.
650 #0 - SUBJECT ADDED ENTRY--TOPICAL TERM
Topical term or geographic name entry element Medicine.
650 #2 - SUBJECT ADDED ENTRY--TOPICAL TERM
Topical term or geographic name entry element Medicine.
650 #7 - SUBJECT ADDED ENTRY--TOPICAL TERM
Topical term or geographic name entry element Medicine.
Source of heading or term fast
Authority record control number or standard number (OCoLC)fst01014893
655 #2 - INDEX TERM--GENRE/FORM
Genre/form data or focus term Periodical.
710 2# - ADDED ENTRY--CORPORATE NAME
Corporate name or jurisdiction name as entry element Universität des Saarlandes.
Subordinate unit Medizinische Fakultät Homburg/Saar.
772 0# - SUPPLEMENT PARENT ENTRY
Title Annales Universitatis Saraviensis medicinae
International Standard Serial Number 0173-6973
Record control number (OCoLC)20822889
-- (OCoLC)20822889
906 ## - LOCAL DATA ELEMENT F, LDF (RLIN)
a 7
b cbc
c serials
d 2
e ncip
f 19
g n-oclcserc
Holdings
Withdrawn status Lost status Damaged status Not for loan Home library Current library Shelving location Date acquired Total checkouts Full call number Barcode Date last seen Price effective from Koha item type
        Riverside Riverside General stacks 22/03/2026   CLASSED SEPARATELY LOC-RPL-00005 22/03/2026 22/03/2026 Books